|
|
|
|
| LEADER |
00000nam0a2200000 4500 |
| 001 |
37902 |
| 005 |
20231031004543.0 |
| 035 |
|
|
|a (RuTPU)RU\TPU\book\38496
|
| 090 |
|
|
|a 37902
|
| 100 |
|
|
|a 20020204d1983 k y0rusy50 ca
|
| 101 |
0 |
|
|a rus
|
| 102 |
|
|
|a RU
|
| 105 |
|
|
|a a z 001zy
|
| 200 |
1 |
|
|a Режимы единой энергосистемы
|f С. А. Совалов
|
| 210 |
|
|
|a Москва
|c Энергоатомиздат
|d 1983
|
| 215 |
|
|
|a 384 с.
|c ил
|
| 320 |
|
|
|a Библиогр.: с. 377-383.
|
| 610 |
1 |
|
|a электроэнергетика
|
| 610 |
1 |
|
|a энергетические системы
|
| 610 |
1 |
|
|a ЕЭС СССР
|
| 610 |
1 |
|
|a диспетчерское управление
|
| 610 |
1 |
|
|a АСДУ
|
| 610 |
1 |
|
|a режимы
|
| 610 |
1 |
|
|a электротехнические задачи
|
| 610 |
1 |
|
|a оптимизация
|
| 610 |
1 |
|
|a регулирование
|
| 610 |
1 |
|
|a электрические сети
|
| 610 |
1 |
|
|a надежность
|
| 610 |
1 |
|
|a противоаварийное управление
|
| 675 |
|
|
|a 621.311.004.13
|v 3
|
| 700 |
|
1 |
|a Совалов
|b С. А.
|g Соломон Абрамович
|
| 801 |
|
1 |
|a RU
|b 63413507
|c 20020204
|g PSBO
|
| 801 |
|
2 |
|a RU
|b 63413507
|c 20100127
|g PSBO
|
| 900 |
|
|
|a Противоаварийное управление в энергосистемах
|
| 900 |
|
|
|a Автоматизированные системы диспетчерского управления и оптимизация режимов энергосистем
|
| 942 |
|
|
|c BK
|